Langman : (Registro nro. 2917)

Detalles MARC
000 -CABECERA
campo de control de longitud fija 02313nam a2200337 4500
003 - IDENTIFICADOR DEL NÚMERO DE CONTROL
campo de control AR-RoIUNI
005 - FECHA Y HORA DE LA ÚLTIMA TRANSACCIÓN
campo de control 20241122062917.0
007 - CAMPO FIJO DE DESCRIPCIÓN FÍSICA--INFORMACIÓN GENERAL
campo de control de longitud fija ta
008 - DATOS DE LONGITUD FIJA--INFORMACIÓN GENERAL
campo de control de longitud fija 151030s2012 sp |||||r|||| 00| 0 spa d
020 ## - NÚMERO INTERNACIONAL ESTÁNDAR DEL LIBRO
Número Internacional Estándar del Libro 9788415419839
040 ## - FUENTE DE LA CATALOGACIÓN
Centro/agencia transcriptor AR-RoIUNI
Lengua de catalogación spa
Normas de descripción aarc2
080 ## - NÚMERO DE LA CLASIFICACIÓN DECIMAL UNIVERSAL
Número de la Clasificación Decimal Universal 611.013
100 1# - ENTRADA PRINCIPAL--NOMBRE DE PERSONA
Nombre de persona Sadler, T. W.
245 10 - MENCIÓN DE TÍTULO
Título Langman :
Resto del título embriología médica /
Mención de responsabilidad, etc. T.W. Sadler ; ilustraciones Jill Leland ; imágenes Susan L. Sadler-Redmond ; microfotografías Kathy Tosney ; ecografías Nancy Chescheir, Hytham Imseis.
246 13 - FORMA VARIANTE DE TÍTULO
Título propio/Titulo breve Embriología médica
250 ## - MENCIÓN DE EDICIÓN
Mención de edición 12a ed.
260 ## - PUBLICACIÓN, DISTRIBUCIÓN, ETC. (PIE DE IMPRENTA)
Lugar de publicación, distribución, etc. Philadelphia ;
-- Buenos Aires :
Nombre del editor, distribuidor, etc. Panamericana ,
Fecha de publicación, distribución, etc. c2012.
300 ## - DESCRIPCIÓN FÍSICA
Extensión 384 p. :
Otras características físicas il. col ;
Dimensiones 25 cm
500 ## - NOTA GENERAL
Especificación de materiales Las ediciones anteriores del presente libro llevan por título: "Embriología general : con orientación clínica".
500 ## - NOTA GENERAL
Nota general El libro incluye un código de acceso a recursos online.
500 ## - NOTA GENERAL
Nota general Traducción de Langman´s Medical embriology 12th ed.
504 ## - NOTA DE BIBLIOGRAFÍA, ETC.
Bibliografía, etc. Incluye índice.
505 0# - NOTA DE CONTENIDO CON FORMATO
Nota de contenido con formato Capítulo 1. Introducción a la señalización y la regulación moleculares -- Capítulo 2. Gametogénesis: transformación de las células germinales en gametos femeninos y masculinos -- Capítulo 3. Primera semana del desarrollo: de la ovulación a la implantación -- Capítulo 4. Segunda semana del desarrollo: el disco germinativo bilaminar -- Capítulo 5. Tercera semana del desarrollo: disco germinativo trilaminar -- Capítulo 6. De la tercera a octava semana: el período embrionario -- Capítulo 7. El tubo intestinal y cavidades corporales -- Capítulo 8. Del tercer mes al nacimiento: el feto y la placenta -- Capítulo 9. Anomalías congénitas y diagnóstico prenatal -- Capítulo 10. Esqueleto axial -- Capítulo 11. Sistema muscular -- Capítulo 12. Extremidades -- Capítulo 13. Sistema cardiovascular -- Capítulo 14. Sistema respiratorio -- Capítulo 15. Sistema digestivo -- Capítulo 16. Sistema urogenital -- Capítulo 17. Cabeza y cuello -- Capítulo 18. Sistema nervioso central -- Capítulo 19. Oído -- Capítulo 20. Ojo -- Capítulo 21. Sistema tegumentario.
650 #0 - PUNTO DE ACCESO ADICIONAL DE MATERIA--TÉRMINO DE MATERIA
Término de materia o nombre geográfico como elemento inicial Odontología
9 (RLIN) 546
650 #4 - PUNTO DE ACCESO ADICIONAL DE MATERIA--TÉRMINO DE MATERIA
Término de materia o nombre geográfico como elemento inicial PSICOLOGÍA
9 (RLIN) 108
650 #4 - PUNTO DE ACCESO ADICIONAL DE MATERIA--TÉRMINO DE MATERIA
Término de materia o nombre geográfico como elemento inicial EMBRIOLOGÍA DENTARIA
650 #4 - PUNTO DE ACCESO ADICIONAL DE MATERIA--TÉRMINO DE MATERIA
Término de materia o nombre geográfico como elemento inicial EMBRIOLOGÍA HUMANA
700 1# - PUNTO DE ACCESO ADICIONAL--NOMBRE DE PERSONA
Nombre de persona Leland, Jill.
Término indicativo de función/relación il.
700 1# - PUNTO DE ACCESO ADICIONAL--NOMBRE DE PERSONA
Nombre de persona Sadler-Redmond, Susan L.
942 ## - ELEMENTOS DE PUNTO DE ACCESO ADICIONAL (KOHA)
Fuente del sistema de clasificación o colocación Clasificación Decimal Universal
Tipo de ítem Koha Libros
Existencias
Estado de retiro Estado de pérdida Fuente del sistema de clasificación o colocación Estado dañado Excepción de préstamo Código de colección Localización permanente Ubicación/localización actual Ubicación en estantería Fecha de adquisición Número de inventario Total de préstamos Renovaciones totales Signatura topográfica completa Código de barras Fecha visto por última vez Fecha del último préstamo Número de copia Precio válido a partir de Tipo de ítem Koha
    Clasificación Decimal Universal     Odontología BIBLIOTECA RIOBAMBA BIBLIOTECA RIOBAMBA BIBLIOTECA RIOBAMBA 30/10/2015 2939 13 1 611-013 SAD 2939 22/10/2025 08/05/2025 1 30/10/2015 Libros